La vivienda de los pobres /
Shranjeno v:
| Glavni avtor: | |
|---|---|
| Format: | Texto |
| Teme: | |
| Oznake: |
Označite
Brez oznak, prvi označite!
|
MARC
| LEADER | 00000 a a2200000 04500 | ||
|---|---|---|---|
| 001 | 16719 | ||
| 003 | |||
| 040 | |||
| 100 | |a Hardoy, Jorge E. | ||
| 245 | |a La vivienda de los pobres / |c Jorge E. Hardoy | ||
| 650 | |a CONDICIONES DE VIDA | ||
| 650 | |a VIVIENDA | ||
| 650 | |a POBREZA | ||
| 650 | |a POBLACION RURAL | ||
| 650 | |a POBLACION URBANA | ||
| 773 | |g volumen 13, número 36; páginas 7-20 | ||
| 999 | |c 27726 |d 27726 | ||
